000 00274nam a22001217a 4500
008 170502b xxu||||| |||| 00| 0 eng d
041 _aeng
080 _24TH
_a34
100 _a13
101 _aSHJ
245 _aINSURANCE LAW AND REGULATION
_cABRAHAM, K.S
942 _2udc
_cBK
999 _c12333
_d12333